|
|
|
|
| LEADER |
00900cam a2200241 7i4500 |
| 001 |
0000008099 |
| 005 |
20170218090000.0 |
| 020 |
|
|
|a 9780789565129
|
| 020 |
|
|
|a 0789565129 (pbk.)
|
| 090 |
0 |
0 |
|a QA76
|b .S54 2002
|
| 100 |
1 |
|
|a Shelly, Gary B
|
| 245 |
1 |
0 |
|a Discovering computers 2003 :
|b concepts for a digital world web and XP enhanced
|c Gary B. Shelly, Thomas J. Cashman, Misty E. Vermaat ; contributing authors Susan L. Sebok, Dolores J. Wells.
|
| 260 |
|
|
|a Australia:
|b Thomson,
|c 2002.
|
| 300 |
|
|
|a xvi, 220 p.:
|b col. ill.;
|c 28 cm.
|
| 490 |
0 |
|
|a Shelly Cashman series
|
| 500 |
|
|
|a Includes index
|
| 650 |
0 |
0 |
|a Computer
|
| 700 |
1 |
|
|a Vermaat, Misty E
|
| 700 |
1 |
|
|a Cashman, Thomas J
|
| 700 |
1 |
|
|a Sebok, Susan L
|
| 700 |
1 |
|
|a Wells, Dolores J
|
| 997 |
|
|
|a Communication, Visual Art & Computing, Faculty
|b Computing, Department
|
| 999 |
|
|
|a 0000009466
|b BOK
|c OPEN SHELF
|e 2nd Floor, Bestari Jaya
|